The new institutionalism in organisational analysis

Αποθηκεύτηκε σε:
Λεπτομέρειες βιβλιογραφικής εγγραφής
Άλλοι συγγραφείς: Powell, Walter W. (Επιμελητής έκδοσης), DiMaggio, Paul (Επιμελητής έκδοσης)
Μορφή: Βιβλίο
Γλώσσα:English
Δημοσίευση: Chicago : The University of Chicago Press, c1991
Θέματα:
Ετικέτες: Προσθήκη ετικέτας
Δεν υπάρχουν, Καταχωρήστε ετικέτα πρώτοι!

MARC

LEADER 00000nam a2200000 i 4500
001 1/18146
008 010308s1991 eng d
020 |a 0-226-67709-5 
035 |l 10066390 
040 |a GR-MY-UA  |b gre  |e aacr 
041 0 |a eng 
082 0 |a 302.35 
245 1 4 |a The new institutionalism in organisational analysis /  |c edited by Walter W. Powell and Paul J. DiMaggio 
260 |a Chicago :   |b The University of Chicago Press,   |c c1991 
300 |a 478 p. 
504 |a Includes bibliographical references and index 
650 0 0 |a Organization. 
650 0 0 |a Social institutions. 
650 0 0 |a Social change. 
700 1 |a Powell, Walter W.  |4 edt 
700 0 |a DiMaggio, Paul.  |4 edt 
852 |a INST  |b LESVOS  |e 20010308  |h 302.35 NEW  |p 005100029077  |q 005100029077  |t BK  |y 0 
901 |a BIBL1-2001-1 
909 |a Λ  |b 082277 
922 |a 1ΕΛΗ  |b 200010  |c ΤΑΚ/ΤΚ  |d ΚΩΣΤΑΡΑΚΗΣ 
950 |a 103-1999-11-25 
970 |a ΤΖΑΦΕΡΗ  |b ΕΥΑΓΓΕΛΙΑ  |z 2001/03/08